00990cpcaa2200277 a 4500001001300000003000400013005001700017008004100034010001700075040002400092072001200116100002400128245005700152300001300209506002200222520012900244545003100373546003600404580005700440600004500497650004100542650004000583650004800623656002400671999001700695mm 83003845 DLC20260227111718.0830304| ||| eng  amm 83003845  aDLCcDLCdDLCedacs 7aL2lcmd1 aVentremile, Eugene.00aEugene Ventremile correspondence,f1875 November 20. a1fitem.0 aOpen to research.8 aALS written by Ventremile to John Eaton relating to Ventremile's publication of religious and educational works for Indians.0 aPublisher of Eastport, Me. aCollection material in English. aForms part of: Miscellaneous Manuscripts collection.10aEaton, John,d1829-1906vCorrespondence. 0aIndians of North AmericaxEducation. 0aIndians of North AmericaxReligion. 0aPublishers and publishingzMainezEastport. 7aPublishers.2itoamc c43867d43867